| 000 | 00703nam a22000977a 4500 | ||
|---|---|---|---|
| 008 | 160217b xxu||||| |||| 00| 0 eng d | ||
| 100 | _aSveroges Filatelist-Forenings | ||
| 245 | _aHandbok over Svenska post- och makuleringsstamplar, 1685-1951 | ||
| 260 |
_aStockholm _bSveriges filatelist-forenings riksorganisation _c1952 |
||
| 650 | _aSweden | Postal Markings | Post Offices | Postal History | 1685-1951 | 17th Century | 18th Century | 19th Century | 20th Century | Collecting | Guides and Handbooks | Machine Cancels | Pre-adhesive Covers | Fee Paid Mail | Maritime Mail | Shipping Companies and Packet Service | Railway Mail | Mobile Post Offices | Air Mail | Anniversaries, Celebrations, etc. | Military Mail | ||
| 999 |
_c1783 _d1783 |
||